000 01909cam a2200517 i 4500
001 2524
003 KOSZ 005
005 20250813135948.0
008 250812s1985 pl a f 001 0 pol
015 _aPB 1985/9557
020 _a8320406803
035 _a991008819069705066
035 _a(PL-WaBN)b12277150-48omnis_nlop
035 _ab12277150
035 _a(OCoLC)751183559
035 _a(PL)b0000001227715
035 _a(EXLNZ-48OMNIS_NETWORK)9910436462805606
040 _aWA N
_cWA N
_dKOSZ 005/EC
_dKOSZ 005/RW
046 _k1954
080 _a621.83
080 _a(07)
100 1 _aOchęduszko, Kazimierz
_d(1904-1991)
_eAutor
245 1 0 _aKoła zębate.
_nT. 1,
_pKonstrukcja /
_cKazimierz Ochęduszko.
250 _aWydanie 8 przerobione i uaktualnione.
260 _aWarszawa :
_bWydawnictwa Naukowo-Techniczne
_c1985.
300 _a542, [1] strony :
_bfotografie, rysunki, wykresy, errata ;
_c25 cm.
336 _aTekst
_btxt
_2rdacontent
337 _aBez urządzenia pośredniczącego
_bn
_2rdamedia
338 _aWolumin
_bnc
_2rdacarrier
380 _aKsiążki
380 _aPublikacje dydaktyczne
380 _aPublikacje naukowe
385 _mPoziom nauczania
_aSzkoły wyższe
388 1 _a1901-2000
388 1 _a1945-1989
504 _aBibliografia na stronach [519]-528, wykaz norm na stronie [529]. Indeks.
521 8 _aKsiązka jest przeznaczona dla konstruktorów techników i inżynierów oraz studentów wydziałów mechanicznych wyższych uczelni technicznych.
650 7 _aKoła zębate
650 7 _aKonstrukcje maszyn i urządzeń
655 7 _aPodręcznik
658 _aInżynieria i technika
710 2 _aWydawnictwa Naukowo-Techniczne
_4pbl
856 _uhttp://koha.tu.koszalin.pl/cgi-bin/koha/opac-detail.pl?biblionumber=2524
_yKatalog online BPK
942 _2UKD
_cKS
999 _c2524
_d2524